Music Quiz

Random Music or Lyrics Quiz

Passenger: 'The Wrong Direction' Lyrics Quiz Stats

 Plays Quiz not verified by Sporcle

Challenge
Share
Tweet
Embed
Score 0/279 Timer 10:00
0 Plays Today
Lyrics % Correct
I
100%
I
100%
I
100%
I
100%
I
100%
I
100%
I
100%
I
100%
a
98.8%
the
98.8%
the
98.8%
and
98.8%
and
98.8%
the
98.8%
and
98.8%
a
98.8%
the
98.8%
the
98.8%
the
98.8%
and
98.8%
and
98.8%
the
98.8%
the
98.8%
a
98.8%
the
98.8%
the
98.8%
and
98.8%
the
98.8%
the
98.8%
and
98.8%
the
98.8%
the
98.8%
the
98.8%
the
98.8%
the
98.8%
the
98.8%
and
98.8%
the
98.8%
a
98.8%
a
98.8%
the
98.8%
in
97.6%
in
97.6%
in
97.6%
in
97.6%
in
97.6%
in
97.6%
in
97.6%
you
96.4%
You
96.4%
you
96.4%
You
96.4%
you
96.4%
you
96.4%
was
95.2%
be
95.2%
was
95.2%
be
95.2%
When
94%
when
94%
when
94%
when
94%
when
94%
when
94%
to
92.9%
it
92.9%
to
92.9%
to
92.9%
It
92.9%
to
92.9%
it
92.9%
wrong
92.9%
direction.
92.9%
to
92.9%
to
92.9%
to
92.9%
for
92.9%
to
92.9%
it
92.9%
for
92.9%
to
92.9%
to
92.9%
it
92.9%
wrong
92.9%
direction.
92.9%
love
91.7%
your
91.7%
but
91.7%
your
91.7%
your
91.7%
love
91.7%
love
91.7%
but
91.7%
Lyrics % Correct
but
91.7%
been
91.7%
your
91.7%
your
91.7%
but
91.7%
been
91.7%
things
90.5%
hid.
90.5%
is
90.5%
of
90.5%
of
90.5%
I've
90.5%
So
90.5%
is
90.5%
of
90.5%
of
90.5%
is,
90.5%
is
90.5%
I've
90.5%
under
89.3%
young
89.3%
that
89.3%
under
89.3%
like
89.3%
heart
89.3%
get
89.3%
up
89.3%
can't
89.3%
under
89.3%
running
89.3%
up,
89.3%
up,
89.3%
up,
89.3%
can't
89.3%
up.
89.3%
like
89.3%
that
89.3%
heart
89.3%
running
89.3%
kid
88.1%
so
88.1%
get,
88.1%
did
86.9%
were
86.9%
I'm
86.9%
on
86.9%
my
86.9%
as
86.9%
on
86.9%
on
86.9%
my
86.9%
grid,
85.7%
never
85.7%
could
85.7%
feel
85.7%
behind
85.7%
seems
85.7%
seems
85.7%
naive,
84.5%
well
84.5%
With
84.5%
stand
84.5%
form
84.5%
protection.
84.5%
inspection,
84.5%
an
84.5%
old
84.5%
with
84.5%
bet
83.3%
gets
83.3%
gets
83.3%
hide
83.3%
thought
83.3%
further
83.3%
hidden
82.1%
believed
82.1%
first
82.1%
rest
82.1%
end
82.1%
rejection,
82.1%
close
82.1%
harder
81%
forgive
81%
harder
81%
forget.
81%
flipping
81%
hurt.
81%
plastic,
81%
sarcastic,
81%
corner
81%
jokes
81%
all
81%
all
81%
Lyrics % Correct
regret
79.8%
you're
79.8%
you're
79.8%
you're
79.8%
you're
79.8%
you're
79.8%
do
79.8%
willing
78.6%
older
78.6%
own.
78.6%
shirt
77.4%
dagger
77.4%
cut
77.4%
say
76.2%
deepest
76.2%
getting
76.2%
ever
76.2%
getting
76.2%
remember
76.2%
why
76.2%
man
76.2%
want
76.2%
want
76.2%
ever
76.2%
build
75%
I'd
75%
what's
75%
hopes
75%
choked
75%
reason
75%
broke
75%
I'd
75%
cynical
73.8%
point
73.8%
down
73.8%
side
73.8%
single,
73.8%
they
73.8%
road.
72.6%
at
70.2%
'Cause
70.2%
her
70.2%
coming
70.2%
'Cause
70.2%
mingle,
70.2%
tingle.
70.2%
How
70.2%
make
70.2%
'cause
70.2%
want
70.2%
make
70.2%
morning
69%
apart
69%
much
69%
falling
67.9%
together
67.9%
don't
66.7%
leave
66.7%
us
66.7%
connection,
66.7%
work,
65.5%
call
65.5%
made
65.5%
greener
65.5%
grass
65.5%
glasses,
65.5%
those
64.3%
butterflies,
64.3%
by
64.3%
me
64.3%
rose
63.1%
flutter
63.1%
still
61.9%
our
61.9%
if
61.9%
try
61.9%
coked
60.7%
tinted
60.7%
arses
60.7%
chase
59.5%
taste
58.3%
fish
58.3%
jump
57.1%
kiss
56%
sea
56%
wasn't
56%
selection,
53.6%
ear
53.6%
infection,
52.4%
There's
51.2%
bliss
48.8%
[Chorus]
29.8%
[Chorus x2]
27.4%

You're not logged in!

Compare scores with friends on all Sporcle quizzes.
Join for Free
OR
Log In

You Might Also Like...

Show Comments

Extras

Top Quizzes Today


Score Distribution

Your Account Isn't Verified!

In order to create a playlist on Sporcle, you need to verify the email address you used during registration. Go to your Sporcle Settings to finish the process.

Report this User

Report this user for behavior that violates our Community Guidelines.

Details: